La inteligencia emocional en la empresa /
Guardado en:
| Autor Principal: | |
|---|---|
| Formato: | Libro |
| Publicado: |
Buenos Aires :
Vergara,
2006
|
| Materias: | |
| Etiquetas: |
Agregar Etiqueta
Sin Etiquetas, Sea el primero en etiquetar este registro!
|
| LEADER | 01227nam a22002295a 4500 | ||
|---|---|---|---|
| 001 | CEM.cems014022 | ||
| 005 | 20130626153059.0 | ||
| 008 | 130507s2006##################000#0#####d | ||
| 003 | CEMS | ||
| 020 | |a 9501519503 | ||
| 082 | 0 | 4 | |a 658 |
| 100 | 1 | |a Goleman, Daniel | |
| 245 | 1 | 0 | |a La inteligencia emocional en la empresa / |c Daniel Goleman |
| 260 | |a Buenos Aires : |b Vergara, |c 2006 | ||
| 300 | |a 460 p. | ||
| 500 | |a Título original: Working with emotional intelligencetraducción: Edith Zilli | ||
| 505 | 0 | |a Más allá de la pericia -- La nueva norma -- Aptitudes de las estrellas -- En defensa de las habilidades blandas -- Autodominio -- El timón interior -- Autocontrol -- Lo que nos mueve -- Ser hábil con la gente -- Radar social -- Las artes de la influencia -- Colaboración, equipos y el cociente intelectual grupal -- Un nuevo modelo de aprendizaje -- Un error multimillonario -- Las mejores prácticas -- La organización dotada de inteligencia emocional -- Tomar el pulso de la organización -- El corazón del desempeño | |
| 653 | |a Administraxión de empresas | ||
| 653 | |a Grupos humanos | ||
| 653 | |a Psicología | ||
| 653 | |a Inteligencia emocional | ||
| 859 | |a CEMS |b BIB. CEMS - 11 de abril |h 658 |i G581 |p 26689.13 |t Ej.1 | ||
